书目信息 |
| 题名: |
机械设计基础课程指导书
|
|
| 作者: | 邓德清 , 胡绍平 主编 | |
| 分册: | ||
| 出版信息: | 北京 科学出版社 2005.08 |
|
| 页数: | 158页 | |
| 开本: | 26cm | |
| 丛书名: | ||
| 单 册: | ||
| 中图分类: | TH122 | |
| 科图分类: | ||
| 主题词: | 机械设计--ji xie she ji--课程设计--高等教育--教材 | |
| 电子资源: | ||
| ISBN: | 7-03-016115-7 | |
| 000 | 00907nam0 2200253 450 | |
| 001 | 012006972197 | |
| 005 | 20060920160247.01 | |
| 010 | @a7-03-016115-7@dCNY14.00 | |
| 100 | @a20060707d2005 km y0chiy0120 ea | |
| 101 | 0 | @achi |
| 102 | @aCN@b110000 | |
| 105 | @aak a 000yy | |
| 200 | 1 | @a机械设计基础课程指导书@Aji xie she ji ji chu ke cheng zhi dao shu@f邓德清, 胡绍平主编@Fdeng de qing,hu shao ping zhu bian |
| 210 | @a北京@c科学出版社@d2005.08 | |
| 215 | @a158页@c图@d26cm | |
| 300 | @a全国高职高专数控模具规划教材 | |
| 320 | @a有书目。 | |
| 330 | @a本书为《机械设计基础》课程的配套教材,以介绍圆柱齿轮减速机的设计为主,附以必要的标准、规范、参考图和设计题目。 | |
| 606 | 0 | @a机械设计@Aji xie she ji@x课程设计@x高等教育@j教材 |
| 690 | @aTH122@v4 | |
| 701 | 0 | @a邓德清@Adeng de qing@4主编 |
| 701 | 0 | @a胡绍平@Ahu shao ping@4主编 |
| 801 | 0 | @aCN@bQSSK@c20060920 |
| 905 | @a10447@dTH122@eD275 | |
| 机械设计基础课程指导书/邓德清, 胡绍平主编.-北京:科学出版社,2005.08 |
| 158页:图;26cm |
| 全国高职高专数控模具规划教材 |
| ISBN 7-03-016115-7:CNY14.00 |
| 本书为《机械设计基础》课程的配套教材,以介绍圆柱齿轮减速机的设计为主,附以必要的标准、规范、参考图和设计题目。 |
| ● |
| 相关链接 |
|
|
|
正题名:机械设计基础课程指导书
索取号:TH122/D275
 
预约/预借
| 序号 | 登录号 | 条形码 | 馆藏地/架位号 | 状态 | 备注 |
| 1 | 594704 | 205947047 | 自科库501/501自科库 32排4列3层/ [索取号:TH122/D275] | 在馆 | |
| 2 | 594705 | 205947056 | 自科库501/501自科库 32排4列3层/ [索取号:TH122/D275] | 在馆 | |
| 3 | 594706 | 205947065 | 自科库501/501自科库 32排4列3层/ [索取号:TH122/D275] | 在馆 |